000
00298nam a22001337a 4500
020
_a
978-81-7233-696-7
041
_a
ENG
100
_a
Pandey.A.K
245
_a
Biofuels Potential And Challenges
260
_a
Delhi
_b
Scientific
_c
2011
300
_a
328
650
_a
EOES
856
_u
EOES ( 11 )
999
_c
1126
_d
1126